000 00302nam a22001217a 4500
008 200131b ||||| |||| 00| 0 eng d
020 _a978-8126524877
050 _a004.69
_bHUC
100 _aHURWITZ,Judith etc
245 _aCloud Computing for Dummies
250 _aPage-332
260 _bJony Willy
_c2009
999 _c8453
_d8453